[Event "XXIX Miedzynarodowy Festiwal Szachowy CRACOVIA-2018 Grupa A"]
[Site "Krakow, Hotel Galaxy, ul. Gesia 22a"]
[Date "2019.??.??"]
[Round "8.51"]
[White "Zherebtsova, Alexandra"]
[Black "Mahitosh, Dey"]
[Result "1-0"]
[WhiteElo "2186"]
[BlackElo "1931"]
[PlyCount "59"]
[EventDate "2019.??.??"]

1. d4 d5 2. c4 e6 3. Nc3 Nf6 4. Bg5 Be7 5. cxd5 exd5 6. e3 c6 7. Qc2 O-O 8. Bd3
h6 9. Bh4 Nh5 10. Bxe7 Qxe7 11. Nge2 Re8 12. h3 Qf6 13. g4 Qf3 14. O-O-O Nf6
15. Rh2 Ne4 16. Bxe4 dxe4 17. Nf4 Na6 18. a3 Nc7 19. Rg1 Ne6 20. Rg3 Nxd4 21.
Qa4 Nb5 22. Rxf3 Nxc3 23. bxc3 exf3 24. Rh1 Be6 25. Nxe6 Rxe6 26. Rd1 Rae8 27.
Qxa7 R8e7 28. Qb6 g5 29. Rd8+ Kg7 30. Qd4+ 1-0

[Event "XXIX Miedzynarodowy Festiwal Szachowy CRACOVIA-2018 Grupa A"]
[Site "Krakow, Hotel Galaxy, ul. Gesia 22a"]
[Date "2019.??.03"]
[Round "8.53"]
[White "Dwilewicz, Katarzyna"]
[Black "Kucharska, Honorata"]
[Result "0-1"]
[WhiteElo "2027"]
[BlackElo "2177"]
[PlyCount "108"]
[EventDate "2019.??.??"]

1. Nf3 Nf6 2. d4 c5 3. c4 e6 4. e3 d5 5. Nc3 Be7 6. Bd3 O-O 7. O-O Nc6 8. b3 b6
9. h3 Bb7 10. Bb2 Rc8 11. cxd5 exd5 12. Bf5 Rb8 13. Rc1 Bc8 14. Bb1 Re8 15. Re1
Ba6 16. a3 Bf8 17. Ne2 Bxe2 18. Rxe2 Ne4 19. Qd3 Na5 20. Nd2 f5 21. Ba2 Kh8 22.
Nf3 Nc6 23. Rd1 cxd4 24. Nxd4 Ne5 25. Qb1 Qd7 26. b4 Rbc8 27. Rc2 Nc4 28. Nf3
Qb7 29. Bc1 b5 30. Qb3 Rcd8 31. Qd3 a6 32. Bb3 Bd6 33. Kh1 Bb8 34. Kg1 h6 35.
Nd4 Qd7 36. Ba2 Rf8 37. Nf3 Qd6 38. Bxc4 bxc4 39. Qd4 Ng5 40. Nxg5 hxg5 41. g3
f4 42. exf4 gxf4 43. Kg2 fxg3 44. f3 Qg6 45. Re2 Qf5 46. Rf1 Rd7 47. Bb2 Ba7
48. Qe5 Qxe5 49. Rxe5 d4 50. Rd1 Rfd8 51. Bc1 d3 52. Rh5+ Kg8 53. Kxg3 c3 54.
Bg5 c2 0-1

[Event "XXIX Miedzynarodowy Festiwal Szachowy CRACOVIA-2018 Grupa A"]
[Site "Krakow, Hotel Galaxy, ul. Gesia 22a"]
[Date "2019.??.03"]
[Round "8.55"]
[White "Jansen, Bob"]
[Black "Malicka, Maria"]
[Result "0-1"]
[WhiteElo "2192"]
[BlackElo "2013"]
[PlyCount "134"]
[EventDate "2019.??.??"]

1. d4 Nf6 2. Nf3 e6 3. e3 c5 4. b3 b6 5. Bb2 Bb7 6. dxc5 bxc5 7. c4 Be7 8. Nc3
O-O 9. Be2 d6 10. O-O Nbd7 11. Qc2 Nb6 12. e4 Qb8 13. Rad1 Bc6 14. Nd2 a5 15.
a4 Nbd7 16. f4 Qb7 17. Rf3 Rfd8 18. Rh3 Nf8 19. Bf3 Ng6 20. Ne2 Nd7 21. Nb1 Nh4
22. Rg3 Nf6 23. Nbc3 Rab8 24. Nb5 Bxb5 25. axb5 Nxf3+ 26. gxf3 d5 27. Be5 Ra8
28. exd5 exd5 29. Qf5 Ne8 30. Nc3 dxc4 31. Rxd8 Rxd8 32. bxc4 Qd7 33. Nd5 Bh4
34. Qxd7 Rxd7 35. Rg2 Bd8 36. Ra2 f6 37. Bc3 Nd6 38. Ra4 Nxc4 39. Nxf6+ Bxf6
40. Rxc4 Rd1+ 41. Kg2 Rc1 42. b6 Bxc3 43. Rb4 Bd2 44. b7 Bxf4 45. Rxf4 Rb1 46.
Ra4 Rxb7 47. Rxa5 Rc7 48. Kf2 Kf7 49. Ke3 Ke6 50. Ke4 c4 51. Ra6+ Kd7 52. Ra2
c3 53. Rc2 Ke6 54. f4 Rc4+ 55. Kf3 Kd5 56. Ke3 Re4+ 57. Kf3 Rc4 58. Ke3 Kc5 59.
Kd3 Kd5 60. Ke3 g6 61. Rc1 c2 62. Kd3 h5 63. Ke3 Rc3+ 64. Kd2 Kd4 65. h4 Rd3+
66. Ke2 Kc3 67. Rg1 Rd2+ 0-1

[Event "XXIX Miedzynarodowy Festiwal Szachowy CRACOVIA-2018 Grupa A"]
[Site "Krakow, Hotel Galaxy, ul. Gesia 22a"]
[Date "2019.??.??"]
[Round "8.56"]
[White "Golenia, Jan"]
[Black "Gbyl, Andrzej"]
[Result "0-1"]
[WhiteElo "2059"]
[BlackElo "2266"]
[PlyCount "52"]
[EventDate "2019.??.??"]

1. d4 d5 2. c4 c6 3. Nf3 Nf6 4. Qc2 g6 5. g3 Bg7 6. Bg2 Bf5 7. Qb3 Qb6 8. Nc3
dxc4 9. Qxc4 O-O 10. O-O Na6 11. Ne5 Rad8 12. Rd1 Be6 13. Qa4 Nb4 14. a3 Nbd5
15. Na2 Nc7 16. Qb4 Nfd5 17. Qxb6 Nxb6 18. Bf4 Nb5 19. Nc3 Nxd4 20. e3 Nb3 21.
Rxd8 Rxd8 22. Rd1 Rxd1+ 23. Nxd1 g5 24. Nxc6 gxf4 25. Nxa7 Bg4 26. f3 fxe3 0-1

[Event "XXIX Miedzynarodowy Festiwal Szachowy CRACOVIA-2018 Grupa A"]
[Site "Krakow, Hotel Galaxy, ul. Gesia 22a"]
[Date "2019.??.??"]
[Round "8.58"]
[White "Turski, Bartlomiej"]
[Black "Fiedorek, Michal"]
[Result "1/2-1/2"]
[WhiteElo "1924"]
[BlackElo "2178"]
[PlyCount "77"]
[EventDate "2019.??.??"]

1. e4 c6 2. d4 d5 3. Nc3 dxe4 4. Nxe4 Bf5 5. Ng3 Bg6 6. Nf3 Nd7 7. Bd3 Bxd3 8.
Qxd3 e6 9. O-O Ngf6 10. b3 Be7 11. Bb2 O-O 12. Rad1 Qc7 13. c4 Rfd8 14. Rfe1
Rac8 15. Qc2 b5 16. cxb5 cxb5 17. Qxc7 Rxc7 18. d5 Bb4 19. Bxf6 Nxf6 20. dxe6
Rxd1 21. exf7+ Kxf7 22. Rxd1 Rc2 23. Nd4 Rxa2 24. Nxb5 Bc5 25. Nd6+ Bxd6 26.
Rxd6 Ra1+ 27. Nf1 Ne4 28. Rd3 Rb1 29. b4 Ke6 30. f3 Nd6 31. Rd4 Ke5 32. Rg4 Nf5
33. Re4+ Kd5 34. Kf2 Rb2+ 35. Kg1 Rb1 36. Kf2 Rb2+ 37. Kg1 Rb1 38. Kf2 Rb2+ 39.
Kg1 1/2-1/2

[Event "XXIX Miedzynarodowy Festiwal Szachowy CRACOVIA-2018 Grupa A"]
[Site "Krakow, Hotel Galaxy, ul. Gesia 22a"]
[Date "2019.??.??"]
[Round "8.59"]
[White "Dmochowska, Agnieszka"]
[Black "Kaczmarska, Joanna"]
[Result "1-0"]
[WhiteElo "2151"]
[BlackElo "1980"]
[PlyCount "51"]
[EventDate "2019.??.??"]

1. e4 e6 2. d4 d5 3. Nd2 dxe4 4. Nxe4 Nd7 5. Nf3 Ngf6 6. Bd3 Nxe4 7. Bxe4 Nf6
8. Bd3 Be7 9. O-O O-O 10. c3 b6 11. Qe2 c5 12. Bg5 Bb7 13. dxc5 Bxc5 14. Rad1
Qe7 15. Ne5 h6 16. Bh4 Qc7 17. Bxf6 gxf6 18. Qg4+ Kh8 19. Qh4 f5 20. Qxh6+ Kg8
21. Qg5+ Kh8 22. Qf6+ Kg8 23. Qg5+ Kh8 24. Bxf5 exf5 25. Rd3 Bxg2 26. Qh6+ 1-0

[Event "XXIX Miedzynarodowy Festiwal Szachowy CRACOVIA-2018 Grupa A"]
[Site "Krakow, Hotel Galaxy, ul. Gesia 22a"]
[Date "2019.??.??"]
[Round "8.60"]
[White "Wisniewski, Michal"]
[Black "Chyzy, Jakub"]
[Result "0-1"]
[WhiteElo "2161"]
[BlackElo "2045"]
[PlyCount "24"]
[EventDate "2019.??.??"]

1. Nf3 d5 2. c4 e6 3. g3 Nf6 4. Bg2 dxc4 5. Na3 c6 6. Nxc4 b5 7. Nce5 Bd6 8. a4
Qc7 9. d4 O-O 10. O-O Bb7 11. a5 c5 12. dxc5 Bxe5 0-1

[Event "XXIX Miedzynarodowy Festiwal Szachowy CRACOVIA-2018 Grupa A"]
[Site "Krakow, Hotel Galaxy, ul. Gesia 22a"]
[Date "2019.??.??"]
[Round "8.61"]
[White "Gokhale, Anupama"]
[Black "Lomakin, Viktor"]
[Result "0-1"]
[WhiteElo "2009"]
[BlackElo "2106"]
[PlyCount "86"]
[EventDate "2019.??.??"]

1. d4 Nf6 2. c4 e6 3. g3 c5 4. d5 exd5 5. cxd5 Bd6 6. Bg2 O-O 7. Nc3 Re8 8. Nf3
Bc7 9. O-O d6 10. h3 a6 11. a4 Nbd7 12. Bf4 Nf8 13. Nd2 Rb8 14. e4 b5 15. axb5
axb5 16. g4 N6d7 17. Bg3 c4 18. Ne2 Ne5 19. b3 cxb3 20. Nxb3 Bd7 21. Ned4 Bb6
22. Rc1 Rc8 23. Nc6 Nxc6 24. dxc6 Rxc6 25. Rb1 Rc4 26. Bxd6 Bc6 27. Bg3 Qa8 28.
Ra1 Ra4 29. Nd2 Rd8 30. Rxa4 bxa4 31. Qb1 Qa6 32. Rd1 Bb5 33. Bf1 Bd3 34. Bxd3
Rxd3 35. Nf1 Rxd1 36. Qxd1 a3 37. Be5 Qa7 38. Qc2 Qe7 39. Qc3 f6 40. Bg3 a2 41.
Qb2 Qa7 42. Bb8 a1=Q 43. Qb3+ Qf7 0-1

[Event "XXIX Miedzynarodowy Festiwal Szachowy CRACOVIA-2018 Grupa A"]
[Site "Krakow, Hotel Galaxy, ul. Gesia 22a"]
[Date "2019.??.03"]
[Round "8.63"]
[White "Meers, Hubert"]
[Black "Patil, Mitali"]
[Result "0-1"]
[WhiteElo "2009"]
[BlackElo "2081"]
[PlyCount "114"]
[EventDate "2019.??.??"]

1. Nf3 Nf6 2. g3 g6 3. b3 Bg7 4. Bb2 O-O 5. Bg2 d6 6. O-O e5 7. d3 Nc6 8. Nbd2
Bd7 9. e4 Qc8 10. Nc4 Bh3 11. a4 Nh5 12. Ne3 Bh6 13. Nd5 Be6 14. Bc1 Bxc1 15.
Qxc1 Bxd5 16. exd5 Nb4 17. Qd2 a5 18. d4 f6 19. dxe5 fxe5 20. Ng5 Qf5 21. Be4
Qg4 22. f3 Qd7 23. Ne6 Rf7 24. f4 exf4 25. gxf4 Ng7 26. Nxg7 Rxg7 27. Kh1 Re8
28. Rae1 Rge7 29. Bf3 Qf5 30. c3 Nd3 31. Re6 Nc5 32. Rxe7 Rxe7 33. Bd1 Qe4+ 34.
Kg1 Qe3+ 35. Qxe3 Rxe3 36. b4 axb4 37. cxb4 Nd3 38. b5 Nb4 39. Rf3 Re1+ 40. Rf1
Re3 41. Rf3 Rxf3 42. Bxf3 b6 43. Kf2 Nd3+ 44. Ke3 Nb2 45. f5 g5 46. Bh5 Kg7 47.
Kf3 Nxa4 48. Be8 Nc3 49. Bc6 h5 50. Ke3 Kf6 51. Kd4 Nd1 52. Bd7 Nf2 53. Bc8 h4
54. Bd7 Ng4 55. h3 Nf2 56. Ke3 Nxh3 57. Be8 Nf4 0-1

[Event "XXIX Miedzynarodowy Festiwal Szachowy CRACOVIA-2018 Grupa A"]
[Site "Krakow, Hotel Galaxy, ul. Gesia 22a"]
[Date "2019.??.03"]
[Round "8.65"]
[White "Musial, Tomasz"]
[Black "Mirski, Michal"]
[Result "0-1"]
[WhiteElo "1995"]
[BlackElo "2011"]
[PlyCount "125"]
[EventDate "2019.??.??"]

1. d4 d6 2. Nf3 Nd7 3. c4 e5 4. Nc3 Ngf6 5. g3 Be7 6. Bg2 O-O 7. O-O c6 8. Qc2
a6 9. Rd1 Qc7 10. b3 Re8 11. Bb2 Nf8 12. h3 h6 13. Rac1 g5 14. dxe5 dxe5 15.
Nxe5 Bd6 16. Nf3 Bxg3 17. fxg3 Qxg3 18. Qd3 Bxh3 19. Ne1 Re3 20. Qd6 Ng4 21.
Qxg3 Rxg3 22. Ne4 Re3 23. Bd4 Bxg2 24. Nf2 Rg3 25. Nxg2 Re8 26. Rc3 Nxf2 27.
Kxf2 Rxg2+ 28. Kxg2 Rxe2+ 29. Kg3 f5 30. Kf3 Rxa2 31. Re3 Ng6 32. Re2 g4+ 33.
Ke3 Ra3 34. Rb1 h5 35. Bc5 Ra5 36. Bb4 f4+ 37. Kf2 Rf5 38. Rd1 g3+ 39. Kf1 f3
40. Re8+ Kf7 41. Red8 c5 42. R8d7+ Kf6 43. R1d6+ Kg5 44. Rg7 Rf6 45. Bd2+ Kf5
46. Rd5+ Ke4 47. Rg5 g2+ 48. Kf2 Rd6 49. Rd5 Re6 50. Rh7 Nf4 51. Bxf4 Kxf4 52.
Rf7+ Kg4 53. Rg7+ Kf4 54. Rf7+ Kg4 55. Rd2 Kh3 56. Rxf3+ Kh2 57. Rd1 h4 58. Rf4
h3 59. Rg4 Rb6 60. Rb1 a5 61. Rg8 a4 62. Rg3 Rf6+ 63. Rf3 0-1

[Event "XXIX Miedzynarodowy Festiwal Szachowy CRACOVIA-2018 Grupa A"]
[Site "Krakow, Hotel Galaxy, ul. Gesia 22a"]
[Date "2019.??.??"]
[Round "8.68"]
[White "Swiech, Joanna"]
[Black "Hetzer, Volkhard"]
[Result "1-0"]
[WhiteElo "1965"]
[BlackElo "1916"]
[PlyCount "125"]
[EventDate "2019.??.??"]

1. d4 f5 2. c4 Nf6 3. Nc3 e6 4. e3 Bb4 5. Bd2 O-O 6. Nf3 b6 7. Be2 Bb7 8. O-O
Bxc3 9. Bxc3 Ne4 10. Nd2 Nxc3 11. bxc3 c5 12. f4 Nc6 13. Rb1 Qe7 14. Bf3 Na5
15. Bxb7 Nxb7 16. Rf3 Na5 17. Rh3 Rf6 18. Qh5 Rh6 19. Qf3 Rc8 20. Rxh6 gxh6 21.
d5 Qh4 22. e4 Qg4 23. Qxg4+ fxg4 24. Kf2 Kf7 25. Ke3 h5 26. g3 h4 27. e5 Kg6
28. Kd3 Kf5 29. Re1 b5 30. dxe6 dxe6 31. cxb5 c4+ 32. Kc2 Rd8 33. Nf1 h5 34.
Ne3+ Kg6 35. gxh4 Rb8 36. Rb1 Rf8 37. Rf1 Nb7 38. Nxc4 Kf5 39. Kd3 Rd8+ 40. Ke3
Rc8 41. Nd6+ Nxd6 42. exd6 Rxc3+ 43. Kd4 Rc8 44. Re1 Rd8 45. Re5+ Kf6 46. Kc5
Rc8+ 47. Kb4 Rd8 48. Rxh5 Rxd6 49. Ka5 Rd2 50. a4 Rxh2 51. Ka6 Ra2 52. a5 g3
53. Rg5 g2 54. h5 e5 55. Rg6+ Kf5 56. fxe5 Kxe5 57. h6 Rf2 58. h7 Rf8 59. Rxg2
Rf6+ 60. Kxa7 Rf7+ 61. Ka6 Rxh7 62. b6 Kd5 63. b7 1-0

[Event "XXIX Miedzynarodowy Festiwal Szachowy CRACOVIA-2018 Grupa A"]
[Site "Krakow, Hotel Galaxy, ul. Gesia 22a"]
[Date "2019.01.03"]
[Round "8.26"]
[White "Chomczyk, Marek"]
[Black "Pasti, Aron"]
[Result "1-0"]
[WhiteElo "2294"]
[BlackElo "2196"]
[PlyCount "95"]
[EventDate "2019.??.??"]

1. e4 e5 2. Nf3 Nc6 3. Bb5 a6 4. Bxc6 dxc6 5. O-O Bg4 6. d3 Qf6 7. Nbd2 h6 8.
Nc4 Bd6 9. b3 Bxf3 10. Qxf3 Qxf3 11. gxf3 g5 12. Bb2 f6 13. d4 exd4 14. Bxd4
Kf7 15. Rad1 b5 16. Nxd6+ cxd6 17. Bb6 Ke6 18. Bc7 d5 19. exd5+ cxd5 20. Rfe1+
Kd7 21. Ba5 Ne7 22. Bb4 Rhe8 23. c4 bxc4 24. bxc4 Rac8 25. Re4 Ng6 26. Rxd5+
Kc7 27. Rf5 Ne5 28. Kf1 Nd7 29. Bc3 Rxe4 30. fxe4 Re8 31. f3 Re6 32. Ke2 Rc6
33. Kd3 Nc5+ 34. Ke3 Nd7 35. Kd4 Kd6 36. c5+ Ke6 37. Kc4 Rc8 38. Rd5 Nb6+ 39.
Kd4 Nxd5 40. exd5+ Ke7 41. c6 Rb8 42. Kc5 Rb5+ 43. Kc4 Rb1 44. Bb4+ Kd8 45. d6
Rd1 46. Kc5 f5 47. Kb6 Rc1 48. Kb7 1-0

[Event "XXIX Miedzynarodowy Festiwal Szachowy CRACOVIA-2018 Grupa A"]
[Site "Krakow, Hotel Galaxy, ul. Gesia 22a"]
[Date "2019.??.03"]
[Round "8.27"]
[White "Roshka, Yevgeniy"]
[Black "Toma, Katarzyna"]
[Result "1/2-1/2"]
[WhiteElo "2293"]
[BlackElo "2173"]
[Annotator "Leszek"]
[PlyCount "138"]
[EventDate "2019.??.??"]

1. e4 c5 2. Nf3 Nc6 3. Bb5 e6 4. Bxc6 bxc6 5. O-O Ne7 6. Nc3 Ng6 7. Re1 e5 8.
Ne2 d6 9. Ng3 Be7 10. c3 O-O 11. h3 Be6 12. d4 exd4 13. cxd4 d5 14. dxc5 Bxc5
15. Be3 Bd6 16. Ng5 Nf4 17. Nxe6 fxe6 18. Qg4 Qf6 19. e5 Bxe5 20. Bxf4 Bxf4 21.
Nh5 Qg5 22. Rxe6 Qxg4 23. hxg4 Rab8 24. b3 c5 25. Rd1 Rbd8 26. g3 Bc7 27. Rc6
Rd7 28. Kg2 Rdf7 29. Rd2 Be5 30. g5 Bd4 31. Nf4 Rf5 32. g6 hxg6 33. Rxg6 a5 34.
Nh3 R8f6 35. Rxf6 Rxf6 36. Nf4 Rf5 37. Kf3 Kf7 38. g4 Rf6 39. g5 Rf5 40. Kg4
Re5 41. Rc2 Re4 42. Kf5 Re5+ 43. Kg4 Re4 44. f3 Re5 45. Nd3 Re8 46. Kf5 Re3 47.
Nxc5 Rxf3+ 48. Kg4 Rc3 49. Rxc3 Bxc3 50. Kf5 Ke7 51. g6 Kd6 52. Ne6 Bf6 53. Nf4
Be5 54. Nd3 Bf6 55. b4 axb4 56. Nxb4 Kc5 57. Nd3+ Kc4 58. Nf4 d4 59. Ke4 Bg5
60. Nd3 Bd8 61. Ne1 Kc3 62. Nd3 Bc7 63. Nc1 Kc4 64. Nd3 Kc3 65. a4 Kc4 66. Ne1
Kc3 67. Nd3 Kc4 68. Nc1 Bd8 69. Nd3 Bc7 {etc} 1/2-1/2

[Event "XXIX Miedzynarodowy Festiwal Szachowy CRACOVIA-2018 Grupa A"]
[Site "Krakow, Hotel Galaxy, ul. Gesia 22a"]
[Date "2019.01.03"]
[Round "8.28"]
[White "Reza, Wojciech"]
[Black "Leiter, Thomas"]
[Result "1-0"]
[Annotator "Leszek"]
[PlyCount "83"]
[EventDate "2019.??.??"]

{[WhiteElo "2287"] [BlackElo "2151"]} 1. e4 e5 2. Nf3 Nc6 3. d4 exd4 4. Nxd4
Nf6 5. Nxc6 bxc6 6. Bd3 d5 7. e5 Ng4 8. O-O Be6 9. Qe1 Kd7 10. h3 h5 11. Nd2
Bc5 12. Nf3 f6 13. Qc3 Bb6 14. exf6 gxf6 15. hxg4 hxg4 16. Nd4 Bxd4 17. Qxd4
Qe7 18. Be3 f5 19. Rfe1 Rab8 20. g3 Rh5 21. Kf1 Rb4 22. Qc5 Qxc5 23. Bxc5 Rxb2
24. Ke2 Rb8 25. Rh1 Rh3 26. Bxa7 Rbh8 27. Rhe1 Kd6 28. Kd2 R8h6 29. Be3 Rg6 30.
Bf4+ Kd7 31. Re5 Rh5 32. Rb1 Rh2 33. Ke3 c5 34. Bxf5 Bxf5 35. Rxf5 Ra6 36.
Rxd5+ Kc6 37. Rd3 Rxa2 38. Rc3 Ra8 39. Ke2 Re8+ 40. Be3 Rh5 41. Ra1 Kb5 42.
Rb3+ 1-0

[Event "XXIX Miedzynarodowy Festiwal Szachowy CRACOVIA-2018 Grupa A"]
[Site "Krakow, Hotel Galaxy, ul. Gesia 22a"]
[Date "2019.01.03"]
[Round "8.29"]
[White "Czerw, Dawid"]
[Black "Eggink, Mateusz"]
[Result "1/2-1/2"]
[WhiteElo "2275"]
[BlackElo "2138"]
[PlyCount "88"]
[EventDate "2019.??.??"]

1. d4 d6 2. Nf3 Nf6 3. c4 Nbd7 4. Nc3 e5 5. e4 exd4 6. Nxd4 g6 7. Be2 Bg7 8.
O-O O-O 9. Be3 Re8 10. f3 c6 11. Qd2 d5 12. cxd5 cxd5 13. exd5 Nb6 14. Bg5
Nbxd5 15. Bb5 Nxc3 16. bxc3 Bd7 17. Bc4 Rc8 18. Bb3 Qa5 19. Qf4 Nd5 20. Qd6 Nb6
21. Qf4 Nc4 22. Bf6 Qxc3 23. Bxg7 Kxg7 24. Rfc1 Qd2 25. Qxd2 Nxd2 26. Bd5 b5
27. Bb7 Rc4 28. Rxc4 Nxc4 29. Ba6 Na3 30. Rc1 Re5 31. Rc3 b4 32. Rc7 Rd5 33.
Nb3 Nb5 34. Bxb5 Bxb5 35. Rxa7 Rd7 36. Rxd7 Bxd7 37. Kf2 Kf6 38. Ke3 Ke5 39.
Nc5 Bb5 40. Nd3+ Bxd3 41. Kxd3 Kd5 42. Kc2 Kc4 43. Kb2 g5 44. g4 h6 1/2-1/2

[Event "XXIX Miedzynarodowy Festiwal Szachowy CRACOVIA-2018 Grupa A"]
[Site "Krakow, Hotel Galaxy, ul. Gesia 22a"]
[Date "2019.01.03"]
[Round "8.30"]
[White "Shyam, Prasad Reddy K"]
[Black "Gombocz, Ferenc Jr."]
[Result "1-0"]
[Annotator "Leszek"]
[PlyCount "51"]
[EventDate "2019.??.??"]

{[BlackTitle "FM"] [WhiteElo "2030"] [BlackElo "2263"]} 1. e4 e5 2. Nf3 Nc6 3.
Bb5 g6 4. d4 exd4 5. c3 dxc3 6. Nxc3 Bg7 7. Bg5 Nce7 8. Rc1 c6 9. Ba4 d6 10.
O-O Be6 11. Nd4 Qd7 12. Ncb5 Be5 13. Nxe6 fxe6 14. Nd4 h6 15. Be3 Bxd4 16. Qxd4
e5 17. Qd2 Nf6 18. f3 g5 19. Rfd1 d5 20. exd5 Nfxd5 21. Qe2 O-O 22. Bc5 Qe6 23.
Bb3 Rae8 24. Qe4 b6 25. Bxe7 Qxe7 26. Rxc6 1-0

[Event "XXIX Miedzynarodowy Festiwal Szachowy CRACOVIA-2018 Grupa A"]
[Site "Krakow, Hotel Galaxy, ul. Gesia 22a"]
[Date "2019.01.03"]
[Round "8.31"]
[White "Chmiel, Marcin"]
[Black "Sanz Losada, Victoriano"]
[Result "0-1"]
[WhiteElo "2247"]
[BlackElo "2121"]
[Annotator "Leszek"]
[PlyCount "69"]
[EventDate "2019.??.??"]

1. d4 Nf6 2. c4 e6 3. Nc3 Bb4 4. Nf3 c5 5. g3 O-O 6. Bg2 d6 7. O-O Nc6 8. Na4
cxd4 9. Nxd4 Nxd4 10. Qxd4 Bd7 11. a3 Ba5 12. Nc3 Bc6 13. Bg5 Bxc3 14. Qxc3
Bxg2 15. Bxf6 Qxf6 16. Qxf6 gxf6 17. Kxg2 Rac8 18. b3 Rfd8 19. Rfd1 Rc5 20. Rd4
b5 21. cxb5 Rxb5 22. b4 a5 23. Rc1 axb4 24. Rxb4 Ra5 25. a4 Rda8 26. Ra1 f5 27.
Kf3 Kg7 28. e3 Kf6 29. h3 e5 30. g4 Ke6 31. gxf5+ Kxf5 32. Rh4 Ke6 33. Rb4 d5
34. Rh4 R8a7 35. Rb4 {Zapis nieczytelny} 0-1

[Event "XXIX Miedzynarodowy Festiwal Szachowy CRACOVIA-2018 Grupa A"]
[Site "Krakow, Hotel Galaxy, ul. Gesia 22a"]
[Date "2019.01.03"]
[Round "8.34"]
[White "Luba, Lukasz"]
[Black "Piotrowski, Przemyslaw"]
[Result "0-1"]
[WhiteElo "2135"]
[BlackElo "2269"]
[PlyCount "58"]
[EventDate "2019.??.??"]

1. Nf3 g6 2. g3 Bg7 3. Bg2 e5 4. d3 d5 5. Nbd2 Nc6 6. c3 d4 7. h4 Nf6 8. c4 O-O
9. b3 Re8 10. Ne4 Nxe4 11. dxe4 f5 12. h5 fxe4 13. Ng5 h6 14. Bxe4 hxg5 15.
hxg6 Qf6 16. Rh5 Bf5 17. Bd5+ Kf8 18. e4 dxe3 19. Bxe3 Nd4 20. Rxg5 Nc2+ 21.
Kd2 Nxe3 22. Qh5 Bg4 23. Rxg4 Qxf2+ 24. Kc3 Nxd5+ 25. cxd5 e4+ 26. Kb4 Qb6+ 27.
Ka4 Qa6+ 28. Kb4 Qd6+ 29. Kc4 b5+ 0-1

[Event "XXIX Miedzynarodowy Festiwal Szachowy CRACOVIA-2018 Grupa A"]
[Site "Krakow, Hotel Galaxy, ul. Gesia 22a"]
[Date "2019.01.03"]
[Round "8.35"]
[White "Lis, Mateusz"]
[Black "Mis, Mieszko"]
[Result "0-1"]
[WhiteElo "2123"]
[BlackElo "2260"]
[PlyCount "74"]
[EventDate "2019.??.??"]

1. e4 g6 2. d4 Bg7 3. Nc3 d6 4. Be3 a6 5. Qd2 b5 6. f3 Nd7 7. h4 Ngf6 8. Bh6
Bxh6 9. Qxh6 c5 10. dxc5 Nxc5 11. Qe3 Qa5 12. Qd2 Bb7 13. Bd3 Rd8 14. a3 Qb6
15. Nge2 d5 16. e5 Nfe4 17. Bxe4 dxe4 18. Qf4 Ne6 19. Qg3 exf3 20. gxf3 Qe3 21.
Qf2 Qxe5 22. O-O O-O 23. Rad1 Qf5 24. Ng3 Qf4 25. Nge2 Qf5 26. Ng3 Qh3 27. h5
Ng5 28. Qg2 Qxg2+ 29. Kxg2 Rxd1 30. Nxd1 Rd8 31. Ne3 f5 32. Ne2 Rd2 33. Rf2
Nxf3 34. Kf1 Nd4 35. hxg6 hxg6 36. Nxd4 Rxd4 37. c3 Re4 0-1

[Event "XXIX Miedzynarodowy Festiwal Szachowy CRACOVIA-2018 Grupa A"]
[Site "Krakow, Hotel Galaxy, ul. Gesia 22a"]
[Date "2019.01.03"]
[Round "8.36"]
[White "Jaroch, Karol"]
[Black "Milikow, Yoav"]
[Result "0-1"]
[Annotator "Leszek"]
[PlyCount "70"]
[EventDate "2019.??.??"]

{[WhiteElo "2259"] [BlackElo "2130"]} 1. c4 e5 2. g3 Nf6 3. Bg2 d5 4. cxd5 Nxd5
5. Nc3 Nxc3 6. bxc3 Nc6 7. d3 Bc5 8. Nf3 O-O 9. O-O h6 10. e3 Be6 11. d4 exd4
12. cxd4 Bb6 13. Ba3 Re8 14. Nd2 Qd7 15. Rc1 Na5 16. Ne4 Bxa2 17. Nc5 Bxc5 18.
Rxc5 b6 19. Rh5 Rad8 20. Qc2 Be6 21. Bb4 Nc4 22. d5 Bg4 23. Rxh6 gxh6 24. Qxc4
Bh3 25. Bxh3 Qxh3 26. e4 c5 27. dxc6 Qe6 28. Qc1 Rd4 29. Bc3 Rc4 30. Qd2 Qxc6
31. Ba1 Rcxe4 32. Qb2 f6 33. Qd2 Kg7 34. Bb2 Re2 35. Qd3 Rxb2 0-1

[Event "XXIX Miedzynarodowy Festiwal Szachowy CRACOVIA-2018 Grupa A"]
[Site "Krakow, Hotel Galaxy, ul. Gesia 22a"]
[Date "2019.01.03"]
[Round "8.37"]
[White "Zaleski, Lukasz"]
[Black "Kusnetsov, Sergey"]
[Result "1/2-1/2"]
[Annotator "Leszek"]
[PlyCount "106"]
[EventDate "2019.??.??"]

{[WhiteElo "2116"] [BlackElo "2257"]} 1. e4 d6 2. d4 Nf6 3. Nc3 g6 4. Nf3 Bg7
5. Be2 O-O 6. O-O Bg4 7. Be3 Nc6 8. d5 Bxf3 9. Bxf3 Ne5 10. Be2 c6 11. f4 Ned7
12. Bf3 cxd5 13. exd5 a6 14. a4 Nb6 15. Bd4 Rc8 16. b3 Nfd7 17. a5 Bxd4+ 18.
Qxd4 Qc7 19. Ne4 Na8 20. c4 f5 21. Ng5 Qc5 22. Ne6 Qxd4+ 23. Nxd4 Nc5 24. Rfe1
Rfe8 25. Re3 h5 26. Rae1 Kf7 27. h3 h4 28. Ne6 b6 29. Ng5+ Kf8 30. axb6 Nxb6
31. Ra1 Rb8 32. Ne6+ Nxe6 33. dxe6 Kg7 34. Rxa6 Kf6 35. Re1 Rec8 36. Kf2 Rc5
37. Ra7 Nxc4 38. bxc4 Rxc4 39. Rb7 Rxb7 40. Bxb7 Rxf4+ 41. Ke3 g5 42. Kd3 Ra4
43. Bd5 g4 44. hxg4 fxg4 45. Bb3 Rb4 46. Bc4 Rb2 47. Bd5 Rf2 48. Kd4 Rd2+ 49.
Kc4 Kf5 50. Rf1+ Ke5 51. Re1+ Kf5 52. Rf1+ Ke5 53. Re1+ Kf5 1/2-1/2

[Event "XXIX Miedzynarodowy Festiwal Szachowy CRACOVIA-2018 Grupa A"]
[Site "Krakow, Hotel Galaxy, ul. Gesia 22a"]
[Date "2019.01.03"]
[Round "8.41"]
[White "Praczukowski, Stanislaw"]
[Black "Kyc, Jerzy"]
[Result "0-1"]
[WhiteElo "2155"]
[BlackElo "2280"]
[PlyCount "72"]
[EventDate "2019.??.??"]

1. d4 d5 2. c4 c6 3. cxd5 cxd5 4. Bf4 Nc6 5. e3 Nf6 6. Nc3 a6 7. Bd3 Bg4 8.
Nge2 e6 9. O-O Bd6 10. f3 Bh5 11. Rc1 O-O 12. Bxd6 Qxd6 13. Nf4 Bg6 14. Nxg6
hxg6 15. f4 b5 16. Rf3 Rac8 17. Rh3 Na5 18. Qe1 Rfd8 19. Qh4 Kf8 20. Qh8+ Ke7
21. Qxg7 Rg8 22. Qh6 b4 23. Ne2 Rxc1+ 24. Nxc1 Qc6 25. Ne2 Qa4 26. Ng3 Qxa2 27.
Qg5 Qb3 28. e4 Qxd3 29. e5 Qxd4+ 30. Kf1 Nc4 31. Qxf6+ Ke8 32. Rh8 Rxh8 33.
Qxh8+ Kd7 34. Qf6 Nd6 35. f5 gxf5 36. h4 f4 0-1

[Event "XXIX Miedzynarodowy Festiwal Szachowy CRACOVIA-2018 Grupa A"]
[Site "Krakow, Hotel Galaxy, ul. Gesia 22a"]
[Date "2019.01.03"]
[Round "8.42"]
[White "Zochowski, Kacper"]
[Black "Martynyuk, Elizaveta"]
[Result "1-0"]
[WhiteElo "2271"]
[BlackElo "2128"]
[PlyCount "93"]
[EventDate "2019.??.??"]

1. c4 Nf6 2. g3 c6 3. Bg2 d5 4. Nf3 Bf5 5. cxd5 cxd5 6. Qb3 Qb6 7. Qxb6 axb6 8.
Nc3 Nc6 9. O-O e6 10. d3 h6 11. Bd2 Bc5 12. a3 Nd4 13. Nxd4 Bxd4 14. Nb5 Be5
15. f4 Bb8 16. Bb4 Bg4 17. Rfe1 Kd7 18. e4 dxe4 19. dxe4 Rc8 20. h3 Bh5 21. g4
Bg6 22. f5 Bh7 23. e5 Nd5 24. fxe6+ fxe6 25. Bxd5 exd5 26. e6+ Ke8 27. Rf1 Rc5
28. Bxc5 bxc5 29. Rf7 Bd3 30. Rxb7 Bxb5 31. Rxb5 Be5 32. Re1 Bd4+ 33. Kg2 Ra7
34. e7 Rxe7 35. Rxe7+ Kxe7 36. b4 cxb4 37. Rxb4 Bc5 38. Rb7+ Kd6 39. Rxg7 Bxa3
40. Rg6+ Ke5 41. Rxh6 Ke4 42. Re6+ Kf4 43. Rf6+ Ke4 44. g5 Bb2 45. Rf7 Ke5 46.
g6 Ke6 47. Rb7 1-0

[Event "XXIX Miedzynarodowy Festiwal Szachowy CRACOVIA-2018 Grupa A"]
[Site "Krakow, Hotel Galaxy, ul. Gesia 22a"]
[Date "2019.01.03"]
[Round "8.43"]
[White "Krallis, Christos"]
[Black "Sanz Wawer, Daniel"]
[Result "1-0"]
[Annotator "Leszek"]
[PlyCount "47"]
[EventDate "2019.??.??"]

{[BlackTitle "k"] [WhiteElo "2261"] [BlackElo "2127"]} 1. c4 g6 2. Nc3 Bg7 3.
g3 d6 4. Bg2 e5 5. e4 Ne7 6. Nge2 O-O 7. O-O c5 8. Rb1 Nbc6 9. a3 Bg4 10. b4 b6
11. h3 Be6 12. d3 Qd7 13. Kh2 Rab8 14. Nd5 f5 15. Qa4 fxe4 16. dxe4 Rb7 17.
Nxe7+ Nxe7 18. b5 h6 19. Qc2 g5 20. Be3 Ng6 21. Rfe1 Qe7 22. f3 Rd7 23. g4 Nf4
24. Bxf4 {Zapis nieczytelny} 1-0